000 00430nam a2200169 a 4500
001 3343
003 CO-ViMGA
008 141112s2004 ck r 000 u spa d
040 _aCO-ViMGA
_bspa
_cCO-ViMGA
082 0 4 _a780.15 H177
100 1 _aHarrison, Sidney
_952971
245 1 0 _aCómo apreciar la música
260 _aMadrid :
_bEdaf,
_c1996
300 _a95 p : il
650 1 4 _aMUSICA - APRECIACION
_952972
942 _2ddc
_cBK
999 _c15393
_d15393